Songs In The Listen To Tunes Playlist #2 - Statistics

General Stats
  • This quiz has been taken 4 times
  • The average score is 13 of 30
Answer Stats
Hint Answer % Correct
Little darlin’, it’s been a long cold lonely winter. Little darlin’, it feels like years since it’s been here. Here comes the sun
100%
Aruba, Jamaica, ooh I wanna take ya. Bermuda, Bahama, come on pretty mama. Kokomo
100%
‘Cause I hear it in the night. I hear the secrets that you keep. Talking in your sleep.
100%
Words like violence. Break the silence. Come crashing in. Into my little world. Enjoy the silence
75%
New York, New York, is it everything they say. And no place that I’d rather be. Heart of rock and roll
75%
Moving forward using all my breath. Making love to you was never second best. Melt with you
75%
Generals gathered in their masses. Just like witches at black masses. War pigs
75%
Splashing through the sandbar. Talking by the campfire. It’s the simple things in life like when and where. All summer long
50%
No change, I can change, I can change, I can change. But I’m here in my mold. I am here in my mold. Bitter sweet symphony
50%
I hear her hearts beating, loud as thunder. I saw the stairs crashing down. I feel tragic like I’m Marlon Brando. China girl
50%
Rollin’ down a backwoods, Tennessee byway. One arm on the wheel. Dixieland delight
50%
Got a call from an old friend, we used to be real close. Said he couldn’t go on the American way. My life
50%
All I can say is that my life is pretty plain. I like watching the puddles gather rain. No rain
50%
I like the way your sparkling earrings lay. Against your skin, it’s so brown. Peaceful easy feeling
50%
There’s colours on the street. Red white and blue. Rocking in the free world
50%
The video game says play me. Face it on a level but it takes you every time on a one on one. Who made who
50%
If I ever get out of here. Thought of giving it all away. To a registered charity. All I need is a pint a day. Band on the run
25%
The heart is a bloom. Shoots up through the stony ground. There’s no room. Beautiful day
25%
And I drive down this lonely, lonely road. Ooh, I got this feelin’. Girl, I got to let you go. Fly to the angels
25%
When you see you ship go sailing. When you feel your heart is breaking. Hold on tight
25%
It’s not in the way that you hold me. It’s not in the way you say you care. Hold the line
25%
Living on a lighted stage. Approaches the unreal. For those who think and feel. Limelight
25%
She takes my hand and leads me to nowhere town. No matter where I stand, it’s always neutral ground. Rose coloured glasses
25%
Didn’t know what time it was the lights were low oh, oh. I leaned back on my radio. Starman
25%
Prices she pays, all through the days. No one really knows her. Thrills in the night
25%
We’ve always had time on our side. Now it’s fading fast. Every second, every moment. If you leave
0%
I’ve been thinking about my home. But my love light seems so far away. Jet airliner
0%
Would you stay just to watch me darlin’. Wilt away the lies from you. Minute by minute
0%
Spirits are using me, larger voices callin’. What heaven brought you and me cannot be forgotten. Southern cross
0%
Jazz on a summer’s day. Music, high and sweet. Then she just blew away. Valerie
0%
No matching quizzes found
Score Distribution
Percent of People with Each Score
Percentile by Number Answered
Your Score History
You have not taken this quiz